Public Interest Litigation (Record no. 14723)

MARC details
000 -LEADER
fixed length control field 00553nam a2200229 a 4500
020 ## - INTERNATIONAL STANDARD BOOK NUMBER
ISBN
082 00 - DEWEY DECIMAL CLASSIFICATION NUMBER
Classification number 340.115
Author Cutter MAT1
100 ## - MAIN ENTRY--AUTHOR NAME
Author name Mathew, P D
245 ## - TITLE STATEMENT
Title Public Interest Litigation
260 ## - PUBLICATION, DISTRIBUTION, ETC. (IMPRINT)
Place of publication Delhi
Name of publisher Indian Social Institute
Year of publication 2006
300 ## - PHYSICAL DESCRIPTION
Number of Pages 53p
500 ## - GENERAL NOTE
General note includes index and biblioraphy
650 ## - SUBJECT ADDED ENTRY--TOPICAL TERM
Topical Term Law-Social Sience
942 ## - ADDED ENTRY ELEMENTS (KOHA)
Koha item type Books
700 1# -
-- Mathew, P D
Holdings
Collection code Home library Current library Date acquired Cost, normal purchase price Full call number Accession Number Koha item type
  Henry Martyn Institute Library Henry Martyn Institute Library 02/25/2008 25.00 340.115 MAT1 021730 Books
                   Copyright © 2026 | Henry Martyn Institute | Hyderabad | TS-500052 | INDIA | Implemented by hmi.edu.in
Hit-Count:

Powered by Koha